ბათუმის შოთა რუსთაველის სახელმწიფო უნივერსიტეტის ბიბლიოთეკა

Introductory textbook of psychiatry / (ბიბ.ჩანაწერი № 57494)

000 -LEADER
fixed length control field 01104pam a2200349 a 4500
001 - CONTROL NUMBER
control field 3886545
005 - DATE AND TIME OF LATEST TRANSACTION
control field 20200629120238.0
008 - FIXED-LENGTH DATA ELEMENTS--GENERAL INFORMATION
fixed length control field 900405s2014 dcua b 001 0 eng c
010 ## - LIBRARY OF CONGRESS CONTROL NUMBER
LC control number 90000530
020 ## - INTERNATIONAL STANDARD BOOK NUMBER
International Standard Book Number 0880481129 (alk. paper)
020 ## - INTERNATIONAL STANDARD BOOK NUMBER
International Standard Book Number 0880481145 (pbk. : alk. paper)
020 ## - INTERNATIONAL STANDARD BOOK NUMBER
International Standard Book Number 9789386217899
040 ## - CATALOGING SOURCE
Original cataloging agency DNLM/DLC
Transcribing agency DLC
Modifying agency DLC
041 ## - LANGUAGE CODE
Language code of text/sound track or separate title eng
050 00 - LIBRARY OF CONGRESS CALL NUMBER
Classification number RC454
Item number .A427 1991
060 ## - NATIONAL LIBRARY OF MEDICINE CALL NUMBER
Classification number WM 100 A557i
080 ## - UNIVERSAL DECIMAL CLASSIFICATION NUMBER
Universal Decimal Classification number 616.89 B-64
082 00 - DEWEY DECIMAL CLASSIFICATION NUMBER
Classification number 616.89
Edition number 20
100 1# - MAIN ENTRY--PERSONAL NAME
Personal name Black, D. W.
9 (RLIN) 8856
245 10 - TITLE STATEMENT
Title Introductory textbook of psychiatry /
Statement of responsibility, etc. Donald W. Black, Nancy C. Andreasen,
250 ## - EDITION STATEMENT
Edition statement Sixth edition
260 ## - PUBLICATION, DISTRIBUTION, ETC.
Place of publication, distribution, etc. Washington, DC :
Name of publisher, distributor, etc. American Psychiatric Press,
Date of publication, distribution, etc. c2014
300 ## - PHYSICAL DESCRIPTION
Extent viii, 760 p. :
Other physical details ill. ;
Dimensions 25 cm.
504 ## - BIBLIOGRAPHY, ETC. NOTE
Bibliography, etc. note Includes bibliographical references and index.
650 #0 - SUBJECT ADDED ENTRY--TOPICAL TERM
Topical term or geographic name entry element Psychiatry.
9 (RLIN) 254
650 #2 - SUBJECT ADDED ENTRY--TOPICAL TERM
Topical term or geographic name entry element Mental Disorders.
9 (RLIN) 255
653 ## - INDEX TERM--UNCONTROLLED
keyword ფსიქიატრია
653 ## - INDEX TERM--UNCONTROLLED
keyword მედიცინა
700 1# - ADDED ENTRY--PERSONAL NAME
Personal name Andreasen, Nancy C.
Dates associated with a name 1956-
9 (RLIN) 8857
906 ## - LOCAL DATA ELEMENT F, LDF (RLIN)
a 7
b cbc
c orignew
d 1
e ocip
f 19
g y-gencatlg
942 ## - ADDED ENTRY ELEMENTS (KOHA)
Source of classification or shelving scheme
Koha item type წიგნი
ეგზემპლარები
Withdrawn status Lost status Source of classification or shelving scheme Damaged status Not for loan Permanent Location Current Location Shelving location Date acquired Cost, normal purchase price Full call number Barcode Date last seen Copy number Price effective from Koha item type Public note
          ბათუმის შოთა რუსთაველის სახელმწიფო უნივერსიტეტის მთავარი ბიბლიოთეკა ბათუმის შოთა რუსთაველის სახელმწიფო უნივერსიტეტის მთავარი ბიბლიოთეკა წიგნსაცავი 2020-08-07 159.00 616.89 B-64 60693 2020-08-07 60693 2020-08-07 წიგნი 159 ლ.